Epoxidation of rubber seed oil with performic acid (Record no. 47459)
[ view plain ]
| 000 -LEADER | |
|---|---|
| fixed length control field | 01094nam a2200169Ia 4500 |
| 100 ## - MAIN ENTRY--AUTHOR NAME | |
| Personal name | Aigbodion A I |
| 245 #0 - TITLE STATEMENT | |
| Title | Epoxidation of rubber seed oil with performic acid |
| 520 ## - SUMMARY, ETC. | |
| Summary, etc | A study of the epoxidation of rubber seed oil with peroxyformic acid generated in situ by the reaction of 30;hydrogen peroxide with formic acid, was carried out at 303, 323, 333 and 343K. Epoxidation of rubber seed oil by peformic acid is favoured by increase in temperature forming a product of high oxirane content. Kinetic analysis of the data shows that rate constant (k) is of the order of10-5 L mol-1 s-1. The activation energy (ea) and enthalpy, (Ea) and enthalpy, ( H) of activation were found to be 57.0 KJ mot-1 and 54.3 KJ mot-1 respectively. The kinetic data obtained from this study were compared with results from epoxidation of rubber seed oil with peracetic acid. |
| 650 ## - SUBJECT ADDED ENTRY--TOPICAL TERM | |
| Topical Term | Epoxidation |
| 650 ## - SUBJECT ADDED ENTRY--TOPICAL TERM | |
| Topical Term | Performic acid |
| 650 ## - SUBJECT ADDED ENTRY--TOPICAL TERM | |
| Topical Term | Rubber seed oil |
| 700 ## - ADDED ENTRY--PERSONAL NAME | |
| Personal name | Abbey C N |
| 700 ## - ADDED ENTRY--PERSONAL NAME | |
| Personal name | Bakare I O |
| 700 ## - ADDED ENTRY--PERSONAL NAME | |
| Personal name | Okieimen F E |
| 942 ## - ADDED ENTRY ELEMENTS (KOHA) | |
| Koha item type | Bibliography RLSE |
| Withdrawn status | Lost status | Damaged status | Not for loan | Home library | Current library | Date acquired | Koha item type |
|---|---|---|---|---|---|---|---|
| Bibliography | RRII Library | RRII Library | 31/12/2021 | Bibliography RLSE |